00233nam a2200097Ia 4500008004100000100002000041245004500061260000800106260000900114546001200123170619s9999 xx 000 0 und d aMukherjee- A.K. 0aPhotovoltaic Systems Analysis and Design bPHI c2011 aENGLISH